00533nam a2200145 i 4500001000300000245012600003260005100129300002600180020001500206040000800221041000800229080001100237008004100248856009800289bg10aFilozofia :bzarys dziejów.nT. 2,pOntologia, teoria poznania i ogólna metodologia nauk /cKarol Matraszek [et al.]. aWarszawa :bPaństwowe Wydaw. Naukowe,c1989. a183, [1] s. ;c21 cm. a8301090316 cBPK apol a1(091) s pl f |000 0 pol  uhttp://koha.tu.koszalin.pl/cgi-bin/koha/opac-detail.pl?biblionumber=28877yKatalog online BPK